Govt. of
Madhya Pradesh

कुछ साहित्‍य कुछ इतिहास (Record no. 64133)

MARC details
000 -LEADER
fixed length control field 00521nam a22001577a 4500
003 - CONTROL NUMBER IDENTIFIER
control field macl
005 - DATE AND TIME OF LATEST TRANSACTION
control field 20210228131913.0
008 - FIXED-LENGTH DATA ELEMENTS--GENERAL INFORMATION
fixed length control field 210228b xxu||||| |||| 00| 0 eng d
040 ## - CATALOGING SOURCE
Transcribing agency macl
082 ## - DEWEY DECIMAL CLASSIFICATION NUMBER
Classification number 800
100 ## - MAIN ENTRY--PERSONAL NAME
Personal name मिश्र,डाॅ .अरूण प्रकाश
9 (RLIN) 80917
245 ## - TITLE STATEMENT
Title कुछ साहित्‍य कुछ इतिहास
260 ## - PUBLICATION, DISTRIBUTION, ETC. (IMPRINT)
Place of publication, distribution, etc. दिल्‍ली
Name of publisher, distributor, etc. अनुज्ञा बुक्‍स
Date of publication, distribution, etc. 2018
651 ## - SUBJECT ADDED ENTRY--GEOGRAPHIC NAME
Geographic name साहित्‍य
9 (RLIN) 80918
942 ## - ADDED ENTRY ELEMENTS (KOHA)
Source of classification or shelving scheme
Koha item type Hindi Books
Holdings
Withdrawn status Lost status Source of classification or shelving scheme Damaged status Not for loan Home library Current library Date acquired Cost, normal purchase price Full call number Barcode Date last seen Price effective from Koha item type
          MACL MACL 28/02/2021 900.00 800 CRH035837 28/02/2021 28/02/2021 Hindi Books